000 00611nam a22002177a 4500
003 UA-OsUOA
001 122127
007 ta
008 20170410b un ||||| |||| 00| 0 ukr d
100 _aКотенко В.В.
090 _a902
_bК73
942 _cSA
040 _aUA-OsUOA
_bukr
_cUA-OsUOA
_dUA-OsUOA
245 _aПро один із векторів херсонеської торгівлі
300 _aС.17-24
955 _a0
041 _aukr
080 _a902
773 0 _w122125
_tАрхеологія
_dК.
_d2017
_g1
650 7 _a9 Географія. Біографії. Історія
_2UDC
999 _c408194
_d408194